000
00298nam a2200145Ia 4500
100
_a
Kessler G.C.
942
_c
RB
654
_a
ISDN
245
_a
ISDN Second Edition
260
_b
Mc Graw Hill
_a
New York
_c
1993
082
_a
621.382
_b
KES
300
_a
454
546
_a
ENGLISH
999
_c
23700
_d
23700